000 00297nam a22001337a 4500
008 170204b xxu||||| |||| 00| 0 eng d
020 _a9781455706228
041 _aeng
080 _a61
100 _a3
101 _aSHM
245 _a2012 STEP BY STEP MEDICAL CODING
_cBUCK, C.J
942 _2udc
_cBK
999 _c4634
_d4634